| 000 | 00412nam a2200169Ia 4500 | ||
|---|---|---|---|
| 005 | 20250310013111.0 | ||
| 008 | 240331s9999 xx 000 0 und d | ||
| 020 | _a955954778X | ||
| 082 |
_bJAY _a891 |
||
| 100 | _aJayalath,K | ||
| 245 | 0 | _aHathuru hithak | |
| 250 | _a3rd | ||
| 260 |
_aNugegoda _bSarasavi Book _c1995 |
||
| 300 | _a264 p ., | ||
| 500 | _aStory of a young girl who as been abused. | ||
| 942 | _cL | ||
| 999 |
_c4814 _d4814 |
||